Conventions of architectural drawing : representation and misrepresentation /

Bibliographic Details
Other Authors: Ackerman, James S., Jung, Wolfgang, Fletcher, Margaret
Format: Book
Language:English
Published: [Place of publication not identified] : [publisher not identified], [2000]
Subjects:

MARC

Tag First Indicator Second Indicator Subfields
LEADER 00000cam a2200000Ia 4500
001 in00001761893
005 20151025052232.0
008 030508s2000 xx ae 000 0 eng d
020 |a 0935617507 
035 |a (OCoLC)ocm45711314 
040 |a FLL  |c FLL  |d OCLCQ  |d PMC  |d TXA  |d UtOrBLW 
049 |a TXAM 
090 |a NA2705  |b .C66 2000 
245 0 0 |a Conventions of architectural drawing :  |b representation and misrepresentation /  |c edited by James S. Ackerman and Wolfgang Jung, [designed and produced by Margaret Fletcher]. 
264 1 |a [Place of publication not identified] :  |b [publisher not identified],  |c [2000] 
264 4 |c ©2000 
300 |a 271 pages :  |b illustrations, plans ;  |c 24 cm. 
336 |a text  |b txt  |2 rdacontent 
337 |a unmediated  |b n  |2 rdamedia 
338 |a volume  |b nc  |2 rdacarrier 
500 |a "This book is based on research done in a seminar on conventions of architectural drawings offered by the editors at the Harvard University Graduate School of Design in 1997." 
500 |a Includes a checklist of architectural drawing in Harvard collections. 
504 |a Includes bibliographical refererences. 
505 0 |a Introduction : the conventions and rhetoric of architectural drawing / James S. Ackerman -- Diagrams and the Villa Rotonda / Samuel Lasky -- The pressures of paradox : Michelangelo and the Sforza Chapel / Brian Bell -- Tilting volutes, bending cornices and perplexing angles and planes, or how Borromini might have given architecture over to the "anarchy of imagination" / Wolfgang Jung -- Drawings as social practice : ideal town plans of nineteenth century London / Karin Tehve -- Theo van Doesburg and the undescriptive qualities of the axonometric / Alan Christ -- El Lissitzky's four composite drawings of the abstract gallery, Hannover Museum, 1926-1927 / Ann Bergren -- Representing the Almost nothing : the drawings of Ludwig Mies van der Rohe / Sze Tsung Leong -- An interview with Hani Rashid / Walker McKinley -- Where does architecture live? Presentation, representation and the represented in the work of asymptote / Walker McKinley. 
650 0 |a Architectural drawing. 
650 0 |a Architecture  |x History. 
700 1 |a Ackerman, James S. 
700 1 |a Jung, Wolfgang. 
700 1 |a Fletcher, Margaret. 
948 |a cataloged  |b h  |c 2003/8/6  |d c  |e mphillip  |f 12:33:41 pm 
994 |a E0  |b TXA 
999 |a MARS 
999 f f |s a975ba93-c2f7-37b8-89e8-09e8b79e6e2c  |i f3a50c73-83a6-33fb-bf3c-b1023fb9da36  |t 0 
952 f f |p ric  |a Texas A&M University  |b Rellis Campus  |c Joint Library Facility  |d Remote Storage  |t 0  |e NA2705 .C66 2000  |h Library of Congress classification  |i unmediated -- volume  |m A14830464249 
998 f f |a NA2705 .C66 2000  |t 0  |l Remote Storage